000 01240cam a2200289 a 4500
001 000004945
005 20200929151536.0
008 800204s1978 sp b 001 p spa
020 _a8432303186
040 _aDO-SdBNP
_cDLC
_dDLC
041 1 7 _aspa
_hfre
_2Código de idioma MARC
082 _a841.62
_bC527t
100 1 _aChevallier, Marie.
_914273
240 1 0 _aL'Homme, ses uvres et son destin dans la poésie de Miguel Hernández. Etude thématique.
_lEspañol.
245 1 4 _aLos temas poéticos de Miguel Hernández /
_cMarie Chevallier ; traducción, Arcadio Pardo.
260 _aMadrid :
_bSiglo Veintiuno de España,
_c1978.
300 _a456 p. ;
_c22 cm.
490 1 _aCrítica literaria
534 _aTítulo original:
_tL'Homme, ses uvres et son destin dans la poésie de Miguel Hernández. Etude thématique.
600 1 0 _aHERNÁNDEZ, MIGUEL,
_d1910-1942
_xCRÍTICA E INTERPRETACIÓN
_914274
650 4 _aPoesía española
_xCrítica e interpretación
_94053
650 4 _aPoetas españoles
_xCrítica e interpretación
_914275
650 4 _aLiteratura española
_xCrítica e interpretación
_94054
700 1 _aPardo, Arcadio,
_etr.
_914276
830 0 _aCrítica literaria.
_914277
910 _aCatalogación por copia / LC
999 _c4751
_d4751